Podpora sociálneho podnikania a udržateľná produkcia potravín

Salvato in:
Dettagli Bibliografici
Autore principale: Andrejovský, Pavol, 1975-
Natura: Capitolo di libro
Lingua:slovacco
Soggetti:
Tags: Aggiungi Tag
Nessun Tag, puoi essere il primo ad aggiungerne!!

MARC

LEADER 00000naa$a2200000$$$4500
001 0267608
005 20240502074211.3
041 0 |a slo 
044 |a SK 
245 1 0 |a Podpora sociálneho podnikania a udržateľná produkcia potravín  |c Pavol Andrejovský 
500 |a abstrakt 
610 2 0 |a potravinárstvo 
610 2 0 |a bezpečnosť potravinová 
610 2 0 |a podnikanie sociálne 
610 2 0 |a spotreba potravín 
100 1 |a Andrejovský, Pavol, 1975-